000 01750nam1a2200313 i 4500
001 RU\NLR\bibl\67524
005 20240919215112.0
035 _a(NLR Aleph) 000065877
090 _a361063
_c361063
100 _a20000128g19 9999u y0rusy50 ca
101 0 _arus
102 _aRU
105 _ay |||||||||
200 1 _aПроектирование колесных машин с использованием моделирования
_eУчеб. пособие по курсам "Моделирование систем колесных машин", "Конструкция спецмашин и устройств", "Прикл. теория системы "водитель-машина-среда"
_fБ.А. Афанасьев, Б.Н. Белоусов
_gМоск. гос. техн. ун-т им. Н.Э. Баумана
210 _aМ.
_cИзд-во МГТУ
_d1999
215 _d20
463 0 _100156339
606 0 _aКолесные машины
_jРуководства, пособия и т.п. для высшей школы
_xПроектирование
_92149293
_3RU\NLR\auth\661294517
606 0 _aКолесные машины
_jУчебные издания для высшей школы
_xПроектирование
_92149293
_3RU\NLR\auth\661294517
686 _aО12-02я73-1
700 1 _4070
_7ca
_8rus
_aАфанасьев
_bБ. А.
_cинженер, колесные машины
_gБорис Алексеевич
_9269056
_3RU\NLR\AUTH\770269112
701 1 _aБелоусов
_bБ. Н.
_gБорис Николаевич
_4070
801 0 _aRU
_bNLR
_c20000128
_gPSBO
801 1 _aRU
_bNLR
_c20000128
830 _aАвт. по кн.
852 _aNLR
_j99-3/17213
942 _cBOOK